[Event "Khanty-Mansiysk Governor Cup Rapid 18th"]
[Site "Khanty-Mansiysk"]
[Date "2022.11.26"]
[Round "1"]
[White "Savarkhanov, Radmir"]
[Black "Rozum, Ivan"]
[Result "0-1"]
[WhiteElo "1045"]
[BlackElo "2499"]
[PlyCount "40"]
[EventDate "2022.11.26"]
[EventType "swiss (rapid)"]
[EventRounds "11"]
[EventCountry "RUS"]
[SourceTitle "CBM 211 Extra"]
[Source "ChessBase"]
[SourceDate "2023.01.31"]
[SourceVersion "1"]
[SourceVersionDate "2023.01.31"]
[SourceQuality "1"]

1. e4 c5 2. Nf3 d6 3. d4 cxd4 4. Nxd4 Nf6 5. Nc3 a6 6. Bc4 e6 7. 0-0 b5 8. Bd3 Bb7 9. Bg5 Be7 10. a3 0-0 11. f4 Qb6 12. Bxb5 axb5 13. Kh1 b4 14. axb4 Rxa1 15. Qxa1 Qxd4 16. Rd1 Qxb4 17. e5 dxe5 18. fxe5 Ng4 19. Bxe7 Qxe7 20. Rf1 Qh4 0-1